Statistics for Mumbai Metro Stations by Map

Click here to take the quiz!

General Stats

  • This quiz has been taken 81 times
    (67 since last reset)
  • The average score is 9 of 12

Answers on the Map

Answers color-coded by a green-red scale on the quiz's map according to % correct below.
 

Answer Stats

Stations% Correct
Andheri
87%
Ghatkopar
87%
Versova
87%
Saki Naka
76%
D.N. Nagar
71%
Asalpha
69%
Chakala
69%
Western Express Highway
67%
Marol Naka
64%
Airport Road
62%
Azad Nagar
60%
Jagruti Nagar
55%

Score Distribution

Percentile by Number Answered

Percent of People with Each Score

Your Score History

You have not taken this quiz since the last reset